| 000 -LEADER |
| fixed length control field |
00403nam a2200145 4500 |
| 003 - CONTROL NUMBER IDENTIFIER |
| control field |
OSt |
| 005 - DATE AND TIME OF LATEST TRANSACTION |
| control field |
20210623172838.0 |
| 008 - FIXED-LENGTH DATA ELEMENTS--GENERAL INFORMATION |
| fixed length control field |
210623b ||||| |||| 00| 0 eng d |
| 020 ## - INTERNATIONAL STANDARD BOOK NUMBER |
| International Standard Book Number |
1921352032008 |
| 082 ## - DEWEY DECIMAL CLASSIFICATION NUMBER |
| Classification number |
728.8 |
| Item number |
FUT |
| 100 ## - MAIN ENTRY--PERSONAL NAME |
| Personal name |
Ando, Tadao |
| 245 ## - TITLE STATEMENT |
| Title |
Tadao Ando : House in Sri Lanka, Mirissa, Sri Lanka, 2004-08 : House in Monterrey, Monterrey, Mexico, 2006-11 |
| 260 ## - PUBLICATION, DISTRIBUTION, ETC. (IMPRINT) |
| Name of publisher, distributor, etc |
GA |
| 942 ## - ADDED ENTRY ELEMENTS (KOHA) |
| Source of classification or shelving scheme |
|